000
00283nam a22001337a 4500
008
171018b xxu||||| |||| 00| 0 eng d
020
_a
039563704X
041
_a
eng
080
_2
4TH
_a
338
100
_a
53
101
_a
MEN
245
_a
MANAGEMENT
_c
GRIFFIN,R.W
942
_2
udc
_c
BK
999
_c
34802
_d
34802